• 首页
  • 本馆介绍
  • 公告通知
  • 最新文献
  • 馆藏检索
  • 电子资源
  • 读者导购
  • 参考咨询
  • 我的图书馆
  • 登录
  • 详细信息显示
  • 放入我的书架
  • 预约/预借图书
  • 作者相关作品
  • 分类相关作品
  • 丛书相关作品
  • 出版社相关作品

书目信息

  • 表格格式
  • 工作单格式
  • 卡片格式
题名:
临床肿瘤护理学学习指导
    
 
作者: 马双莲 , 丁玥 主编
分册:  
出版信息: 北京   北京医科大学出版社  2003.06
页数: 248页
开本: 26cm
丛书名:
单 册:
中图分类: R473.73
科图分类:
主题词: 肿瘤学--护理学--医学院校--参考资料 , 护理学--肿瘤学--医学院校--参考资料
电子资源:
ISBN: 7-81071-402-3
000 00824nam0 2200253 45
001 012003000001
005 20040608110808.0
010    @a7-81071-402-3@dCNY22.80
100    @a20041111d2003 em y0chiy50 ea
101 0  @achi
102    @aCN@b110000
105    @ay q 000yy
200 1  @a临床肿瘤护理学学习指导@Alin chuang zhong liu hu li xue xue xi zhi dao@f马双莲,丁玥主编@Fma shuang lian,ding yue zhu bian
210    @a北京@c北京医科大学出版社@d2003.06
215    @a248页@d26cm
300    @a高等医学院校护理学专业辅导教材
606 0  @a肿瘤学@x护理学@x医学院校@j参考资料
606 0  @a护理学@x肿瘤学@x医学院校@j参考资料
690    @aR473.73@v4
701  0 @a马双莲@Ama shuang lian@4主编
701  0 @a丁玥@Ading yue@4主编
801  0 @aCN@bBZT@c20041111
905    @aBZT@dR473.73@e1@f10
906    @dCNY22.80@n0@r1
    
    临床肿瘤护理学学习指导/马双莲,丁玥主编.-北京:北京医科大学出版社,2003.06
    248页;26cm
    高等医学院校护理学专业辅导教材
    
    ISBN 7-81071-402-3:CNY22.80
    
●
相关链接 在五车中查询图书 在当当中查询图书 在豆瓣中查询图书


正题名:临床肿瘤护理学学习指导     索取号:R473.73/1         预约/预借

序号 登录号 条形码 馆藏地/架位号 状态 备注
1 0374863   200905565   样本书库/样003架A面2层2列/ [索取号:R473.73/1] 在馆    
2 0374864   200905574   中心书库中库/ 中库008架B面6列2层16/ [索取号:R473.73/1] 在馆    
3 0374865   200907135   中心书库中库/ 中库008架B面6列2层12/ [索取号:R473.73/1] 在馆    
4 0374866   200907126   中心书库中库/ 中库008架B面6列2层11/ [索取号:R473.73/1] 在馆    
5 0374867   200907108   中心书库中库/ 中库008架B面6列2层10/ [索取号:R473.73/1] 在馆    
6 0374868   200907117   中心书库中库/ 中库008架B面6列2层17/ [索取号:R473.73/1] 在馆    
7 0374869   200907082   中心书库中库/ 中库008架B面6列2层8/ [索取号:R473.73/1] 在馆    
8 0374870   200907091   中心书库中库/ 中库008架B面6列2层18/ [索取号:R473.73/1] 在馆    
9 0374871   200907064   中心书库中库/ 中库008架B面6列1层30/ [索取号:R473.73/1] 在馆    
10 0374872   200907073   中心书库中库/ 中库008架B面6列2层9/ [索取号:R473.73/1] 在馆    
山东省滨州职业学院图书馆 欢迎您!
大连网信软件有限公司© 版权所有